Liderazgo : (Registro nro. 11371)

Detalles MARC
000 -LIDER
fixed length control field 00904nam a22002777a 4500
003 - IDENTIFICACDOR DE NÚMERO DE CONTROL
control field DO-SdBNP
005 - DATE AND TIME OF LATEST TRANSACTION
control field 20230512130128.0
008 - ELEMENTOS DE LONGITUD FIJA
fixed length control field 160914b 2005 ag ||| |||| 00| 0 spa d
020 ## - ISBN
International Standard Book Number 9505118627
040 ## - FUENTE DE CATALOGACIÓN
Agencia que crea de manera original el registro BPMSU
Idioma de catalogación spa
Agencia que realiza la transcripción BPMSU
082 #4 - NÚMERO DE CLASIFICACIÓN DECIMAL DE DEWEY
Classification number 658.4092
Item number M425l 2003
Edition number 22
100 1# - ASIENTO PRINCIPAL -- NOMBRE PERSONAL
Nombre personal Mateo, Juan
245 12 - MENCIÓN DE TITULO
Título Liderazgo :
Subtítulo el libro que da las claves para formar equipos en la empresa y en el deporte /
Mención de responsabilidad Juan Mateo, Jorge Valdano.
260 ## - PUBLICACIÓN, DISTRIBUCIÓN, ETC. (PIE DE IMPRENTA)
Lugar de publicación, distribución, etc Buenos Aires, Argentina :
Nombre del editor, distribuidor, etc. Aguilar,
Fecha de publicación, distribución, etc 2005
300 ## - DESCRIPCIÓN FÍSICA
Extensión 326 p. ;
Otros detalles físicos 22 cm.
500 ## - NOTA GENERAL
Nota general
500 ## - NOTA GENERAL
Nota general Incluye datos biográficos de los autores en la solapa de la cubierta
504 ## - NOTA DE BIBLIOGRAFÍA, ETC.
Bibliography, etc Incluye bibliografía, 322-323
590 ## - NOTA LOCAL
Enlace Inventariado, 2023/VM
650 #4 - ENCABEZAMIENTO DE MATERIA--TEMÁTICO
Término temático o nombre geográfico como elemento de entrada Liderazgo
650 #4 - ENCABEZAMIENTO DE MATERIA--TEMÁTICO
Término temático o nombre geográfico como elemento de entrada Liderazgo ejecutivo
Subdivisión de forma
650 ## - ENCABEZAMIENTO DE MATERIA--TEMÁTICO
Término temático o nombre geográfico como elemento de entrada
700 1# - ASIENTO SECUNDARIO -- NOMBRE PERSONAL
Nombre personal Valdano, Jorge
910 ## - VALIDACIÓN
Validación VMateo V. Control de calidad (BPMSU)
942 ## - ADDED ENTRY ELEMENTS (KOHA)
Source of classification or shelving scheme Dewey Decimal Classification
Koha item type Libros
Existencias
Withdrawn status Lost status Source of classification or shelving scheme Damaged status Not for loan Collection code Home library Current library Date acquired Source of acquisition Full call number Barcode Date last seen Price effective from Koha item type Copy number Total Checkouts
    Dewey Decimal Classification     Colección General Biblioteca Pública Metropolitana Salomé Ureña Biblioteca Pública Metropolitana Salomé Ureña 09/14/2016 ALFAGUARA BPMSU CG 658.4092 M425l 2003 BPMSU16090265 09/14/2016 09/14/2016 Libros    
    Dewey Decimal Classification     Colección General Biblioteca Pública Metropolitana Salomé Ureña Biblioteca Pública Metropolitana Salomé Ureña 09/14/2016 ALFAGUARA BPMSU CG 658.4092 M425l 2003 BPMSU16090266 09/14/2016 09/14/2016 Libros e.2  
    Dewey Decimal Classification     Colección General Biblioteca Pública Metropolitana Salomé Ureña Biblioteca Pública Metropolitana Salomé Ureña 09/14/2016 ALFAGUARA BPMSU CG 658.4092 M425l 2003 BPMSU23050011 05/12/2023 09/14/2016 Libros e.3